000 00562nam a2200205 i 4500
001 17651
003 ES-MaACL
007 t|
008 010419s1999 sp ||||1| spa d
020 _a84-321-3237-3
080 _a821.134.2-14"19"
100 1 _aBretones, José Luis.
_931641
245 1 3 _aEl lugar de un extraño /
_cJosé Luis López Bretones.
260 _aMadrid :
_bRialp,
_c[1999]
300 _a83 p. ;
_c18 cm.
490 1 _aAdonais ;
_v542
830 0 0 _aAdonáis
_v542
_9173743
852 _aES-MaACL
_jJ-23-542
_bR.129832
999 _c17651
_d17651